| 000 | 01576nam0a2200361 4500 | ||
|---|---|---|---|
| 001 | RU\NLR\bibl\357811 | ||
| 005 | 20241118133006.0 | ||
| 020 |
_aRU _b02-14097 _9Летопись авторефератов диссертаций |
||
| 021 |
_aRU _b2002-9372а _9375а |
||
| 035 | _a(NLR Aleph) 000352451 | ||
| 090 |
_a284537 _c284537 |
||
| 100 | _a20021226d2002 u u0rusy50 ca | ||
| 101 | 0 | _arus | |
| 102 | _aRU | ||
| 105 | _aa dm ||||| | ||
| 200 | 1 |
_aАнизометропическая и рефракционная амблиопия у детей _e(Особенности патогенеза и лечения) _eАвтореф. дис. на соиск. учен. степ. д.м.н. _eСпец. 14.00.08 _fНебера С.А. _g[Краснояр. гос. мед. акад.] |
|
| 210 |
_aКрасноярск _d2002 |
||
| 215 |
_a46 с. _cил. _d21 |
||
| 320 | _aБиблиогр.: с. 39-43 (50 назв.) | ||
| 610 | 0 | _aМедицинские науки | |
| 675 |
_a617.753-053.2 _v3 _zrus |
||
| 686 |
_a76.29 _2rugasnti |
||
| 686 |
_a56.7 _2rubbk |
||
| 686 |
_a14.00.08 _2oksvnk |
||
| 700 | 1 |
_aНебера _bСергей Анатольевич _4070 |
|
| 801 | 0 |
_aRU _bRKP _c20021226 _gPSBO |
|
| 801 | 1 |
_aRU _bRKP _c20021226 |
|
| 801 | 2 |
_aRU _bNLR _c20040109 _grcr |
|
| 852 |
_aNLR _j2002-А/9372 |
||
| 942 | _cBOOK | ||
| 981 | 1 | 0 |
_a(10) Авторефераты _b(10) 14.00.00 Медицинские науки _b14.01.00 Клиническая медицина _b14.01.07 Глазные болезни |